| 000 | 00449nam a22001457a 4500 | ||
|---|---|---|---|
| 008 | 140121b xxu||||| |||| 00| 0 eng d | ||
| 020 | _a9966087044 SFX | ||
| 050 | _aBX3756.M85N576 2013 | ||
| 100 |
_aNgaiza, Roymond _96853 |
||
| 245 |
_aJackson Otto Mosha, SJ _bA Life of love, hope and faith _c Roymond Ngaiza |
||
| 260 |
_aNairobi _bPaulines _c2013 |
||
| 300 |
_a294p.; _c21cm |
||
| 600 |
_aMosha, Jackson Otto _96854 |
||
| 942 |
_2lcc _cMONOGRAPH |
||
| 999 |
_c119626 _d119626 |
||